Η πολιτιστική διπλωματία στην Ευρώπη των κρίσεων : πτυχιακή εργασία

Αποθηκεύτηκε σε:
Λεπτομέρειες βιβλιογραφικής εγγραφής
Κύριος συγγραφέας: Γρηγοριάδου, Γαλήνη
Συγγραφή απο Οργανισμό/Αρχή: Πανεπιστήμιο Αιγαίου Σχολή Κοινωνικών Επιστημών Τμήμα Κοινωνιολογίας
Άλλοι συγγραφείς: Γρηγορίου, Παναγιώτης Γ. (Εισηγητής διατριβής)
Μορφή: Thesis Βιβλίο
Γλώσσα:Greek
Δημοσίευση: 2012
Θέματα:
Διαθέσιμο Online:http://hdl.handle.net/11610/7663
Ετικέτες: Προσθήκη ετικέτας
Δεν υπάρχουν, Καταχωρήστε ετικέτα πρώτοι!

MARC

LEADER 00000cam a2200000 i 4500
001 1/35470
008 130826s2012 gre d
035 |l 10115463 
040 |a GR-MY-UA  |b gre  |e aacr 
041 0 |a gre 
082 0 |a 327  |2 (22) 
100 1 |a Γρηγοριάδου, Γαλήνη. 
245 1 2 |a Η πολιτιστική διπλωματία στην Ευρώπη των κρίσεων :  |b πτυχιακή εργασία /  |c Γρηγοριάδου Γαλήνη ; επιβλέπων καθηγητής: Γρηγορίου Παναγιώτης 
260 |c 2012 
300 |a 42 σ.;  |c 30 εκ. 
500 |a Βιβλιογραφία: σ. 41-42 
500 |a Μέλη επιτροπής: Κώστας Ζώρας, Φιλήμων Μπαντιμαρούδης 
502 |a Πτυχιακή εργασία – Πανεπιστήμιο Αιγαίου, Λέσβος, 2012. 
650 0 0 |a Culture  |x Political aspects. 
650 0 0 |a Diplomacy  |x History. 
650 0 0 |a Dissertations, Academic  |z Greece. 
700 1 |4 ths  |a Γρηγορίου, Παναγιώτης Γ. 
710 2 |a Πανεπιστήμιο Αιγαίου  |b Σχολή Κοινωνικών Επιστημών  |b Τμήμα Κοινωνιολογίας. 
852 |a INST  |b LESVOS  |c DIATR  |e 20130826  |h 453  |p 005100053058  |q 005100053058  |t DIE  |y 23 
852 |a INST  |b LESVOS  |c DIATR  |e 20130826  |h 454  |p 005100053060  |q 005100053060  |t DIE  |y 23 
856 |u http://hdl.handle.net/11610/7663 
901 |a BIBL1-2013-2 
909 |a Λ  |b 182062 
909 |a Λ  |b 182063 
924 |a ΓΡΗΓΟΡΙΑΔΟΥ  |b ΓΑΛΗΝΗ  |y ΛΕΣΒΟΣ  |z 2012-02 
970 |a ΤΖΑΦΕΡΗ  |b ΕΥΑΓΓΕΛΙΑ  |z 2013/08/30